000 00463nam a2200193Ia 4500
003 0100
008 130307s9999 xx 000 0 und d
040 _cARRUPELIB
050 _aLB41.S464 2000
245 _aSelected topics in Philosophy and education Vol.1
260 _aLusaka
260 _bThe university of Zambia
260 _c2000
300 _a236p.
300 _b22cm
650 _bReligion--Philosophy
700 _aMsango, Henry J
942 0 0 _01
999 _c97568
_d97568